| 000 | 00338nam a22001217a 4500 | ||
|---|---|---|---|
| 003 | NUST | ||
| 038 | _aShaban | ||
| 082 |
_a616.86 _bMHE |
||
| 100 |
_aMher,Amir ud Din _935650 |
||
| 245 |
_aManshiat aor en ka sad e bab ulma kee zimdarian (part I) _cMolana Amir Ud Din Mher |
||
| 260 |
_aIslamabad : _bDawah Academy, _c1995. |
||
| 942 |
_2ddc _cBK |
||
| 999 |
_c541252 _d541252 |
||